Administrative law / (Record no. 481)

000 -LEADER
fixed length control field 01321cam a2200337 a 4500
001 - CONTROL NUMBER
control field 15702386
003 - CONTROL NUMBER IDENTIFIER
control field OSt
005 - DATE AND TIME OF LATEST TRANSACTION
control field 20140116120829.0
008 - FIXED-LENGTH DATA ELEMENTS--GENERAL INFORMATION
fixed length control field 090416s2009 enk b 001 0 eng
010 ## - LIBRARY OF CONGRESS CONTROL NUMBER
LC control number 2009016251
015 ## - NATIONAL BIBLIOGRAPHY NUMBER
National bibliography number GBA935859
Source bnb
016 7# - NATIONAL BIBLIOGRAPHIC AGENCY CONTROL NUMBER
Record control number 015108611
Source Uk
020 ## - INTERNATIONAL STANDARD BOOK NUMBER
International Standard Book Number 9780199219735
035 ## - SYSTEM CONTROL NUMBER
System control number (OCoLC)ocn318670544
040 ## - CATALOGING SOURCE
Transcribing agency DLC
Modifying agency BTCTA
-- YDXCP
-- UKM
-- BWKUK
-- BWK
-- CDX
-- DLC
043 ## - GEOGRAPHIC AREA CODE
Geographic area code e-uk---
050 00 - LIBRARY OF CONGRESS CALL NUMBER
Classification number KD4879.W33 2009
100 1# - MAIN ENTRY--PERSONAL NAME
Personal name Wade, William
245 10 - TITLE STATEMENT
Title Administrative law /
Statement of responsibility, etc by the late William Wade and Christopher Forsyth .
250 ## - EDITION STATEMENT
Edition statement 10th ed.
260 ## - PUBLICATION, DISTRIBUTION, ETC. (IMPRINT)
Place of publication, distribution, etc Oxford :
Name of publisher, distributor, etc Oxford University Press,
Date of publication, distribution, etc 2009.
300 ## - PHYSICAL DESCRIPTION
Extent lxxxix, 898 p.
504 ## - BIBLIOGRAPHY, ETC. NOTE
Bibliography, etc Includes bibliographical references and index.
650 #0 - SUBJECT ADDED ENTRY--TOPICAL TERM
Topical term or geographic name as entry element Administrative law
Geographic subdivision Great Britain.
700 1# - ADDED ENTRY--PERSONAL NAME
Personal name Forsyth, C. F.
856 42 - ELECTRONIC LOCATION AND ACCESS
Materials specified Contributor biographical information
Uniform Resource Identifier <a href="http://www.loc.gov/catdir/enhancements/fy0916/2009016251-b.html">http://www.loc.gov/catdir/enhancements/fy0916/2009016251-b.html</a>
856 42 - ELECTRONIC LOCATION AND ACCESS
Materials specified Publisher description
Uniform Resource Identifier <a href="http://www.loc.gov/catdir/enhancements/fy0916/2009016251-d.html">http://www.loc.gov/catdir/enhancements/fy0916/2009016251-d.html</a>
906 ## - LOCAL DATA ELEMENT F, LDF (RLIN)
a 7
b cbc
c orignew
d 1
e ecip
f 20
g y-gencatlg
942 ## - ADDED ENTRY ELEMENTS (KOHA)
Source of classification or shelving scheme
Koha item type Book
Holdings
Withdrawn status Lost status Source of classification or shelving scheme Damaged status Not for loan Home library Current library Date acquired Source of acquisition Total Checkouts Total Renewals Full call number Barcode Date last seen Date checked out Copy number Price effective from Koha item type Checked out
          Riara University Library Riara University Library 21/10/2011 Purchase 27 5 KD4879.W33 2009 449/11 11/02/2026 27/01/2026 C.1 21/10/2011 Book  
          Riara University Library Riara University Library 21/10/2011 Purchase 24 5 KD4879.W33 2009 448/11 02/05/2024 22/04/2024 C.2 21/10/2011 Book  
          Riara University Library Riara University Library 21/10/2011 Purchase 15 4 KD4879.W33 2009 450/11 18/06/2025 18/06/2025 C.3 21/10/2011 Book 21/07/2025

Riara University Library,
P.O. Box 49940-00100,
Nairobi, Kenya.